| 000 | 00444nam a2200133 i 4500 | ||
|---|---|---|---|
| 001 | 98478 | ||
| 003 | ES-MaACL | ||
| 007 | t| | ||
| 008 | 050915s1878 it ||||1| ita d | ||
| 245 | 0 | 0 |
_aBreve esame dell'opuscolo del sac. Curci _b: il moderno dissidio tra la chiesa e l'Italia / _c[un padre della Compagnia di Gesáu]. |
| 260 |
_aRoma : _b[s.n.], _c1878 ( _fTipografia Poliglota) |
||
| 300 |
_a93 p. ; _c24 cm. |
||
| 852 |
_aES-MaACL _jT-253-F-1 |
||
| 999 |
_c98478 _d98478 |
||